MARC

LEADER 00000nam0a2200000 4500
001 274640
005 20231101234740.0
020 |a RU  |b 85-97994 
035 |a (RuTPU)RU\TPU\book\297850 
090 |a 274640 
100 |a 20141107d1985 k y0rusy5003 ca 
101 0 |a rus 
102 |a RU 
105 |a a z 000zy 
200 1 |a Сольватационные процессы в растворах  |e межвузовский сборник научных трудов  |f Ивановский химико-технологический институт ; отв. ред. Г. А. Крестов 
210 |a Иваново  |c Изд-во ИХТИ  |d 1985 
215 |a 128 с.  |c ил. 
606 1 |a Сольватация  |2 stltpush  |3 (RuTPU)RU\TPU\subj\70696  |9 84901 
610 1 |a растворы 
610 1 |a ионы 
610 1 |a бинарные жидкие системы 
610 1 |a соли 
610 1 |a кислоты 
610 1 |a трехкомпонентные системы 
610 1 |a комплексообразование 
610 1 |a сборники 
675 |a 544.353  |z rus  |v 4 
702 1 |a Крестов  |b Г. А.  |g Геннадий Алексеевич  |4 340 
712 0 2 |a Ивановский химико-технологический институт  |2 stltpush  |3 (RuTPU)RU\TPU\col\7666  |9 24360 
801 0 |a RU  |b RuMRKP  |c 19950704  |g psbo 
801 1 |a RU  |b 63413507  |c 20141107 
801 2 |a RU  |b 63413507  |c 20170324  |g RCR 
942 |c BK